| 000 | 00863nam a22002537a 4500 | ||
|---|---|---|---|
| 005 | 20170123162332.0 | ||
| 010 | _aA-770387 | ||
| 020 | _c80.00 | ||
| 035 | _aA-770387 | ||
| 037 | _bCen Lib/Ret | ||
| 040 |
_aDPL _bUR |
||
| 082 |
_aک _bر ی ی |
||
| 100 |
_aریس انجم امروہوی _9113604 |
||
| 245 |
_aروتا ہوا آدمی : _cریس انجم امروہوی _bافسانے / |
||
| 246 |
_aRota hua admi : afsane / _bby Rayis Anjum Amrohvi |
||
| 260 |
_aنیی دہلی _bتخلیککار پبلشرس _c1995 |
||
| 270 |
_a١٧٧٩، کچہ دکھنی رہے دریاگنج _bنیی دہلی _e110002 |
||
| 300 |
_a224p. _c21cm(Hb) |
||
| 650 |
_aاردو ادب _9122278 |
||
| 650 |
_aاردوافسانے _9122279 |
||
| 650 |
_aUrdu literature _9122280 |
||
| 650 |
_aUrdu stories _9122281 |
||
| 942 |
_2ddc _cUR _hک _mر ی ی |
||
| 999 |
_c107868 _d107868 |
||